00457nam a2200181Ia 4500003000400000005001700004008004100021040000700062041000800069082001600077100003000093245003100123260002000154300001500174650002000189650002900209650003700238OSt20240405164812.0210719s1995 xx 000 0 und d cAL aeng a344.07 KARK aKARNATAKA Directory House aKarnataka act No.1 of 1995 aBangalorec1995 avi,104bPB aEducational Law a Karnataka gazette 1995 aThe Karnataka Education Act 1983